Begonias of Peninsular Malaysia

Bibliographic Details
Main Author: Kiew, Ruth
Format: Book
Published: Kota Kinabalu : Natural History Publications (Borneo) , 2005
Subjects:

MARC

LEADER 00000cam a2200000 7i4500
001 0000003395
005 20051214.0
020 0 0 |a 9838120863 
090 0 0 |a 635.995959   |b KIE 
100 1 0 |a Kiew, Ruth 
245 1 0 |a Begonias of Peninsular Malaysia   |c Ruth Kiew 
260 0 0 |a Kota Kinabalu :   |b Natural History Publications (Borneo) ,   |c 2005 
300 |a xi, 308 p. :   |b ill. ;   |c 26 cm. 
650 0 0 |a Begonias   |z Malaysia   |x Identification 
650 0 0 |a Begonias   |z Malaysia   |x Pictorial works 
999 |a 0000006380   |b Monograph   |c Open Shelf   |e Default branch